| 000 | 00730nam a2200241Ia 4500 | ||
|---|---|---|---|
| 003 | OSt | ||
| 005 | 20220924132603.0 | ||
| 006 | a|||||r|||| 00| 0 | ||
| 007 | ta | ||
| 008 | 220923b |||||||| |||| 00| 0 san d | ||
| 024 | _a73634 | ||
| 037 | _cTextual | ||
| 040 |
_aARTS _cARTS _bsan |
||
| 041 |
_2san _asan |
||
| 082 | _aR621x1:1:1K30, 15F4 | ||
| 100 |
_aPrasasta Pada Acharya _9204561 |
||
| 245 | 0 | _aPrasasta pada bhashyam 'Sukti' Sanskrit comm etc by Jagdish ed by Gopinath and Dhundhiraj Sastri | |
| 260 | _c1924 | ||
| 490 | _aChowkhamba sasnkrit series; 316 | ||
| 650 |
_aNAYA PHILOSOPHY _95683 |
||
| 942 |
_hR621x1:1:1K30, 15F4 _cTEXL _2CC |
||
| 999 |
_c430776 _d430776 |
||